Marvel Heroes from the 1970's - Statistics

General Stats
  • This quiz has been taken 7 times
  • The average score is 47 of 86
Answer Stats
Year Hero % Correct
1975 Colossus
100%
1974 Iron Fist
100%
1979 Kitty Pryde
100%
1972 Luke Cage
100%
1972* Moondragon
100%
1975 Nightcrawler
100%
1973 Punisher
100%
1975 Storm
100%
1972* Tigra
100%
1974 Wolverine
100%
1973 Blade
86%
1975 Gamora
86%
1977 Gilgamesh
86%
1973 Howard the Duck
86%
1976 Ikaris
86%
1971 Man-Thing
86%
1979 Sasquatch
86%
1979 She-Hulk
86%
1976* Spider-Woman
86%
1975 Thunderbird
86%
1978* War Machine
86%
1976 Captain Britain
71%
1972 Drax the Destroyer
71%
1979 Emma Frost
71%
1977 Guardian
71%
1977 Jocasta
71%
1973 Mantis
71%
1974** Misty Knight
71%
1975 Moon Knight
71%
1976* Psylocke
71%
1977 Quasar
71%
1976** Sersi
71%
1979 Shaman
71%
1973 Shang-Chi
71%
1979 Snowbird
71%
1975 White Tiger (Hector Ayala)
71%
1979 Aurora
57%
1974 Colleen Wing
57%
1979 Dazzler
57%
1974 Deathlok
57%
1971 Doc Samson
57%
1975 Frankie Raye
57%
1972 Namorita
57%
1973 N‘Kantu the Living Mummy
57%
1979 Northstar
57%
1976 Nova
57%
1972 Starfox
57%
1971 Werewolf by Night
57%
1979 Cassie Lang
43%
1970 Conan the Barbarian
43%
1970 Hyperion
43%
1976 Jack of Hearts
43%
1977 Machine Man
43%
1975* Magik
43%
1971* Mockingbird
43%
1974 Multiple Man
43%
1972 Shanna
43%
1979* Songbird
43%
1976 Sprite
43%
1975 Starhawk
43%
1977 Union Jack (Brian Falsworth)
43%
1976 Union Jack (James Montgomery Falsworth)
43%
1978 Ant-Man (Scott Lang)
29%
1973 Doctor Voodoo
29%
1979 H.E.R.B.I.E.
29%
1975 Justice
29%
1977 Kingo Sunen
29%
1977 Paladin
29%
1976 Shroud
29%
1976 Spitfire
29%
1976** Zuras
29%
1977 3D Man
14%
1975 Aleta
14%
1977 Ch'od
14%
1977 Corsair
14%
1976 Darkstar
14%
1978 Devil Dinosaur
14%
1975 Dominic Fortune
14%
1977 Hepzibah
14%
1973 Killraven
14%
1978 Moon-Boy
14%
1976 Nikki
14%
1976** Thena
14%
1975 Manphibian
0%
1970 Red Wolf
0%
1975* Scarlet Spider
0%
No matching quizzes found
Score Distribution
Percent of People with Each Score
Percentile by Number Answered
Your Score History
You have not taken this quiz